<?xml version="1.0" encoding="UTF-8"?>
<record
    xmlns:xsi="http://www.w3.org/2001/XMLSchema-instance"
    xsi:schemaLocation="http://www.loc.gov/MARC21/slim http://www.loc.gov/standards/marcxml/schema/MARC21slim.xsd"
    xmlns="http://www.loc.gov/MARC21/slim">

  <leader>00919nam a22002537a 4500</leader>
  <controlfield tag="005">20231102151702.0</controlfield>
  <controlfield tag="008">140714t2008    mx a|||| |||| 00| 0 spa d</controlfield>
  <datafield tag="040" ind1=" " ind2=" ">
    <subfield code="e">RDA</subfield>
  </datafield>
  <datafield tag="050" ind1=" " ind2=" ">
    <subfield code="a">QM 23.2 L47 2008</subfield>
  </datafield>
  <datafield tag="245" ind1="1" ind2="0">
    <subfield code="a">Anatom&#xED;a, Fisolog&#xED;a y salud</subfield>
    <subfield code="c">/ Luis Lesur</subfield>
  </datafield>
  <datafield tag="260" ind1=" " ind2=" ">
    <subfield code="a">M&#xE9;xico</subfield>
    <subfield code="b">: Trillas</subfield>
    <subfield code="c">, 2008</subfield>
  </datafield>
  <datafield tag="300" ind1=" " ind2=" ">
    <subfield code="a">309 p&#xE1;ginas</subfield>
  </datafield>
  <datafield tag="337" ind1=" " ind2=" ">
    <subfield code="a">texto</subfield>
  </datafield>
  <datafield tag="338" ind1=" " ind2=" ">
    <subfield code="a">sin medio</subfield>
  </datafield>
  <datafield tag="339" ind1=" " ind2=" ">
    <subfield code="a">volumen</subfield>
  </datafield>
  <datafield tag="502" ind1=" " ind2=" ">
    <subfield code="a">Plan flexible
Licenciatura en Nutrici&#xF3;n
14 002090</subfield>
  </datafield>
  <datafield tag="505" ind1=" " ind2=" ">
    <subfield code="a">Introducci&#xF3;n al cuerpo humano
Sistema tegumentario
Esqueleto
Sistema nervioso
&#xD3;rganos de los sentidos
Sistema endocrino
Sistema digestivo
Sistema respiratorio
Sistema urinario
Sistema cardiovascular
Sistema reproductor
Salud y enfermedad
Nutrici&#xF3;n
Primeros auxilios
Adicciones
</subfield>
  </datafield>
  <datafield tag="650" ind1="1" ind2="0">
    <subfield code="2">ANATOM&#xCD;A</subfield>
  </datafield>
  <datafield tag="650" ind1="2" ind2="0">
    <subfield code="2">FISIOLOG&#xCD;A</subfield>
  </datafield>
  <datafield tag="650" ind1="3" ind2="0">
    <subfield code="2">SALUD</subfield>
  </datafield>
  <datafield tag="650" ind1="4" ind2="0">
    <subfield code="2">NUTRICI&#xD3;N</subfield>
  </datafield>
  <datafield tag="650" ind1="5" ind2="0">
    <subfield code="2">PRIMEROS AUXILIOS</subfield>
  </datafield>
  <datafield tag="942" ind1=" " ind2=" ">
    <subfield code="2">lcc</subfield>
    <subfield code="c">LB</subfield>
  </datafield>
  <datafield tag="952" ind1=" " ind2=" ">
    <subfield code="0">0</subfield>
    <subfield code="1">0</subfield>
    <subfield code="2">lcc</subfield>
    <subfield code="4">0</subfield>
    <subfield code="7">0</subfield>
    <subfield code="a">14</subfield>
    <subfield code="b">14</subfield>
    <subfield code="d">2014-02-20</subfield>
    <subfield code="l">2</subfield>
    <subfield code="m">1</subfield>
    <subfield code="o">QM23.2 L47 2008</subfield>
    <subfield code="p">14 002090</subfield>
    <subfield code="r">2019-05-29</subfield>
    <subfield code="s">2019-05-29</subfield>
    <subfield code="t">1</subfield>
    <subfield code="w">2014-07-14</subfield>
    <subfield code="y">LB</subfield>
  </datafield>
  <datafield tag="999" ind1=" " ind2=" ">
    <subfield code="c">93155</subfield>
    <subfield code="d">93155</subfield>
  </datafield>
</record>
